Geometrické tolerance dle ISO GPS /

Gespeichert in:
Bibliographische Detailangaben
1. Verfasser: Petr, Karel (Verfasst von)
Format: Buch
Sprache:Tschechisch
Veröffentlicht: Praha Verlag Dashöfer 2019
Schlagworte:
Tags: Tag hinzufügen
Keine Tags, Fügen Sie das erste Tag hinzu!

MARC

LEADER 00000nam a22000003a 4500
001 0092270
003 SK-STU
005 20211210121827.9
007 ta
008 211210s ----xo-----e------000-0-----d
020 |a 978-80-7635-019-9 
040 |a STU  |b slo 
041 0 |a cze 
044 |a xr 
100 1 |a Petr, Karel  |4 aut 
245 1 0 |a Geometrické tolerance dle ISO GPS /  |c aut. Karel Petr 
260 |a Praha  |b Verlag Dashöfer  |c 2019 
300 |a 164 s. 
650 0 7 |a technická dokumentácia 
996 |b 284M088966  |c M* 14570-1  |l MMKN  |s A  |a 24  |w 0092270_0001